00481 2200181 4500001002100000005001500021008004100036020001800077035001900095041000800114082001100122084001700133100002400150245003400174260003600208300002100244650003400265INLIS00000000000522220200508203046200508||||||||| | ||| |||| ||eng|| a0-19-864224-5 0010-0520005222 aeng0 a473.21 a473.21/GLA/O0 aEditor P.G.W. Glare00aOxford Latin Dictionary 00487 aNew YorkbClarendon Pressc1982 aXXIII, 2123 hlm. 0a1. Bahasa Latin-Kamus-Inggris